<?xml version="1.0" encoding="UTF-8"?><marc:collection xmlns:marc="http://www.loc.gov/MARC21/slim">
  <marc:record>
    <marc:leader>00000nam##2200000za#4500</marc:leader>
    <marc:controlfield tag="001">9.695534</marc:controlfield>
    <marc:controlfield tag="003">CaOODSP</marc:controlfield>
    <marc:controlfield tag="005">20211005123321</marc:controlfield>
    <marc:controlfield tag="007">cr |||||||||||</marc:controlfield>
    <marc:controlfield tag="008">150407|1993||||xxc|||||o    f|0| 0 eng|d</marc:controlfield>
    <marc:datafield tag="040" ind1=" " ind2=" ">
      <marc:subfield code="a">CaOODSP</marc:subfield>
      <marc:subfield code="b">eng</marc:subfield>
    </marc:datafield>
    <marc:datafield tag="043" ind1=" " ind2=" ">
      <marc:subfield code="a">n-cn---</marc:subfield>
    </marc:datafield>
    <marc:datafield tag="086" ind1="1" ind2=" ">
      <marc:subfield code="a">R34-5/1-1993E-PDF</marc:subfield>
    </marc:datafield>
    <marc:datafield tag="110" ind1="2" ind2=" ">
      <marc:subfield code="a">Indian and Inuit Affairs Program (Canada)</marc:subfield>
    </marc:datafield>
    <marc:datafield tag="245" ind1="1" ind2="0">
      <marc:subfield code="a">Umbrella final agreement between the government of Canada, the Council for Yukon Indians and the government of the Yukon </marc:subfield>
      <marc:subfield code="h">[electronic resource]</marc:subfield>
    </marc:datafield>
    <marc:datafield tag="246" ind1="1" ind2=" ">
      <marc:subfield code="i">Additional title (within publication) : </marc:subfield>
      <marc:subfield code="a">Umbrella final agreement, Council for Yukon Indians</marc:subfield>
    </marc:datafield>
    <marc:datafield tag="260" ind1=" " ind2=" ">
      <marc:subfield code="b">Indian and Northern Affairs. </marc:subfield>
      <marc:subfield code="c">1993.</marc:subfield>
    </marc:datafield>
    <marc:datafield tag="300" ind1=" " ind2=" ">
      <marc:subfield code="a">306p.</marc:subfield>
      <marc:subfield code="b">tables</marc:subfield>
    </marc:datafield>
    <marc:datafield tag="500" ind1=" " ind2=" ">
      <marc:subfield code="a">Contents: Definitions.--General provisions.--Eligibility and enrollment.--Reserves and land set aside.--Tenure and management of settlement land.--Access.--Expropriation.--Surface Rights Board.--Settlement land amount.--Special management areas.--Land use planning.--Development assessment.--Heritage.--Water management.--Definition of boundaries and measurement of areas of settlement land.--Fish and wildlife.--Forest resources.--Non-renewable resources.--Financial compensation.--Taxation.--Taxation of settlement land.--Economic development measures.--Resource royalty sharing.--Yukon Indian self-government.--Transboundary agreements.--Dispute resolution.--Yukon Fish and Wildlife Enhancement Trust.--Implementation and training for settlement implementation.</marc:subfield>
    </marc:datafield>
    <marc:datafield tag="500" ind1=" " ind2=" ">
      <marc:subfield code="a">"Signed at Whitehorse, Yukon, the 29th day of May, 1993"--p.5 of 306.</marc:subfield>
    </marc:datafield>
    <marc:datafield tag="590" ind1=" " ind2=" ">
      <marc:subfield code="a">12-09-Supp</marc:subfield>
      <marc:subfield code="b">2012-03-21</marc:subfield>
    </marc:datafield>
    <marc:datafield tag="690" ind1="0" ind2="7">
      <marc:subfield code="a">Indigenous rights</marc:subfield>
      <marc:subfield code="2">gcpds</marc:subfield>
    </marc:datafield>
    <marc:datafield tag="710" ind1="2" ind2=" ">
      <marc:subfield code="a">Council for Yukon Indians.</marc:subfield>
    </marc:datafield>
    <marc:datafield tag="775" ind1="0" ind2="8">
      <marc:subfield code="t">Accord-cadre définitif entre le gouvernement du Canada, le Conseil des Indiens du Yukon et le gouvernement du Yukon </marc:subfield>
      <marc:subfield code="w">(CaOODSP)9.639666</marc:subfield>
    </marc:datafield>
    <marc:datafield tag="856" ind1="4" ind2="0">
      <marc:subfield code="a">http://publications.gc.ca</marc:subfield>
      <marc:subfield code="q">PDF</marc:subfield>
      <marc:subfield code="s">583 KB</marc:subfield>
      <marc:subfield code="u">https://publications.gc.ca/collections/Collection/R34-5-1-1993E.pdf</marc:subfield>
    </marc:datafield>
  </marc:record>
</marc:collection>
